Vietname's education the curent position and future prospects

Zapisane w:
Opis bibliograficzny
Format: Książka
Wydane: 1998
Etykiety: Dodaj etykietę
Nie ma etykietki, Dołącz pierwszą etykiete!
Thư viện lưu trữ: Mạng thư viện Đại học Đà Nẵng
LEADER 00473nam a22001811a 4500
001 000037607
003 13902
005 20160412020406.0
008 160412s1998 000
082 |a 4A(07)913 
245 |a Vietname's education the curent position and future prospects  |c Phạm Minh Hạc 
260 |c 1998 
OWN |a LNN 
999 |a From the UDN01 
TYP |a Monograph 
980 |a Mạng thư viện Đại học Đà Nẵng